<?xml version="1.0" encoding="UTF-8"?>
<collection xmlns="http://www.loc.gov/MARC21/slim">
 <record>
  <leader>02260nam a2200313 a 4500</leader>
  <controlfield tag="001">TVCDKTCT6367</controlfield>
  <controlfield tag="003">Thư viện trường Cao đẳng Kỹ thuật Cao Thắng</controlfield>
  <controlfield tag="005">20220920135529.000</controlfield>
  <controlfield tag="008">070111</controlfield>
  <datafield tag="980" ind1="\" ind2="\">
   <subfield code="a">Thư viện Trường CĐ Kỹ Thuật Cao Thắng</subfield>
  </datafield>
  <datafield tag="024" ind1=" " ind2=" ">
   <subfield code="a">RG_1 #1 eb0 i1 i4</subfield>
  </datafield>
  <datafield tag="041" ind1="0" ind2="#">
   <subfield code="a">vie</subfield>
  </datafield>
  <datafield tag="082" ind1="#" ind2="#">
   <subfield code="a">413 / </subfield>
   <subfield code="b">T550Đ-b</subfield>
  </datafield>
  <datafield tag="100" ind1="1" ind2="#">
   <subfield code="a">Ban Từ Điển</subfield>
  </datafield>
  <datafield tag="245" ind1="0" ind2="0">
   <subfield code="a">Từ điển Kỹ thuật Nhiệt Điện Lạnh / </subfield>
   <subfield code="c">Ban Từ Điển</subfield>
  </datafield>
  <datafield tag="246" ind1="0" ind2="1">
   <subfield code="a">English - Vietnamese dictionary of Thermal, Electrical and Refrigerating Engineering</subfield>
  </datafield>
  <datafield tag="250" ind1="#" ind2="#">
   <subfield code="a">In lần thứ 1</subfield>
  </datafield>
  <datafield tag="260" ind1="#" ind2="#">
   <subfield code="a">H. : </subfield>
   <subfield code="b">Khoa học và Kỹ thuật , </subfield>
   <subfield code="c">2004</subfield>
  </datafield>
  <datafield tag="300" ind1="#" ind2="#">
   <subfield code="a">740tr. ; </subfield>
   <subfield code="c">24cm</subfield>
  </datafield>
  <datafield tag="520" ind1="#" ind2="#">
   <subfield code="a">Cuốn từ điển này sẽ trợ giúp bạn đọc trong học tập, giảng dạy và tra cứu tài liệu tiếng Anh về các ngành Kỹ thuật nói trên.</subfield>
  </datafield>
  <datafield tag="520" ind1="#" ind2="#">
   <subfield code="a">Thuật ngữ Việt đã được biên soạn theo nguyên tắc cô đọng, rõ nghĩa nhất và được Việt hoá tới mức tối đa. Thuật ngữ Anh chưa có thuật ngữ Việt tương đương được phiên chuyển theo nguyên tắc vừa đọc được trong tiếng Việt vừa gần dạng chữ tiếng Anh. Với mỗi thuật ngữ Anh, ban tác giả đã đưa ra tất cả các thuật ngữ Việt đồng nghĩa. Những thuật ngữ Anh đồng nghĩa có phần đối chiếu tiếng Việt giống nhau.</subfield>
  </datafield>
  <datafield tag="520" ind1="#" ind2="#">
   <subfield code="a">Từ điển bao gồm khoảng 40000 thuật ngữ bao quát hầu hết các chủ đề trong các ngành Kỹ thuật nhiệt, điện và lạnh, và một số chuyên ngành có liên quan.</subfield>
  </datafield>
  <datafield tag="650" ind1="#" ind2="4">
   <subfield code="a">Technical Dicitonary</subfield>
  </datafield>
  <datafield tag="650" ind1="#" ind2="4">
   <subfield code="a">Thermal Engineering Technology</subfield>
  </datafield>
  <datafield tag="650" ind1="#" ind2="4">
   <subfield code="a">Từ điển kỹ thuật</subfield>
  </datafield>
  <datafield tag="721" ind1="#" ind2="#">
   <subfield code="a">CNKT Điện</subfield>
  </datafield>
  <datafield tag="721" ind1="#" ind2="#">
   <subfield code="a">CNKT Nhiệt lạnh</subfield>
  </datafield>
  <datafield tag="841" ind1="#" ind2="#">
   <subfield code="b">Kho Sách </subfield>
   <subfield code="j">100030245, 100030275, 100030356, 100030368, 100030378, 100037637, 100037652, 100037697, 100037702, 100037707</subfield>
  </datafield>
  <datafield tag="841" ind1="#" ind2="#">
   <subfield code="b">Kho Từ Điển </subfield>
   <subfield code="j">400000420, 400000421</subfield>
  </datafield>
 </record>
</collection>
